000 00296nam a2200109Ia 4500
008 210107s9999 xx 000 0 und d
100 _aNorton, Peter; Andersen, Virginia
245 0 _aPeter Norton's Guide To Access 97 Programming
260 _aNew Delhi
_bTechmedia
300 _a596
942 _cBK
999 _c10401
_d10401